[Event "C.to Europeo U08"]
[Site "Praga CZE"]
[Date "2012.08.23"]
[Round "7"]
[White "Damico, Alessandro"]
[Black "Cubells Vazquez, Pablo"]
[WhiteElo "1515"]
[BlackElo "1546"]
[Result "0-1"]
[PlyCount "112"]
[EventDate "2012.08.17"]

1. e4 e5 2. Nf3 Nc6 3. Bc4 Bc5 4. Nc3 Nf6 5. d3 O-O 6. O-O h6 7. Bd2 d6 8. h3
Be6 9. Bb3 Qd7 10. Qe2 Rfe8 11. Be3 Bxb3 12. axb3 Nd4 13. Bxd4 exd4 14. Na4 a6
15. Nxc5 dxc5 16. Rfe1 Nd5 17. Qd2 Nb4 18. Rad1 Rad8 19. Re2 Nc6 20. Rde1 Ne5
21. Nxe5 Rxe5 22. f4 Ree8 23. f5 f6 24. Qf4 Qd6 25. Qg4 b5 26. Qg6 Qf4 27. Rf2
Qg5 28. Qxg5 hxg5 29. Rfe2 Re5 30. c3 dxc3 31. bxc3 Rxd3 32. Rc1 Re7 33. b4
cxb4 34. cxb4 Rd4 35. Rc6 Rxb4 36. Rxa6 Rbxe4 37. Ra8+ Kf7 38. Rxe4 Rxe4 39.
Ra7 Rc4 40. Rb7 Rc5 41. g4 Ke7 42. Kf2 Kd6 43. Ke3 Kc6 44. Rb8 Rc3+ 45. Kd4
Rxh3 46. Ke4 Rg3 47. Kd4 Rxg4+ 48. Ke3 Rf4 49. Kd3 Rxf5 50. Ke4 Re5+ 51. Kd4
Kd7 52. Rg8 c5+ 53. Kc3 Re7 54. Rb8 Kc6 55. Rc8+ Rc7 56. Rxc7+ Kxc7 0-1

[Event "C.to Europeo U08"]
[Site "Praga CZE"]
[Date "2012.08.24"]
[Round "8"]
[White "Damico, Alessandro"]
[Black "Misiuk, Ernest"]
[WhiteElo "1515"]
[BlackElo "1589"]
[Result "0-1"]
[PlyCount "82"]
[EventDate "2012.08.17"]

1. e4 c5 2. Nf3 d6 3. d4 cxd4 4. Nxd4 Nf6 5. Nc3 a6 6. Bd3 Nc6 7. Nde2 g6 8.
Be3 Ng4 9. Bf4 Qb6 10. O-O Qxb2 11. h3 Nf6 12. Na4 Qb4 13. c3 Qa5 14. Be3 b5
15. Nb6 Rb8 16. Nd5 Nxd5 17. exd5 Ne5 18. Bd4 Bg7 19. Bc2 O-O 20. a4 Qc7 21.
axb5 axb5 22. Ra7 Qd8 23. Qa1 Bb7 24. c4 f6 25. cxb5 Bxd5 26. Nc3 Bf7 27. b6
Ra8 28. Qa6 Bc4 29. Rxa8 Qxa8 30. Qxa8 Rxa8 31. Rb1 Nc6 32. Be3 f5 33. Ba4 Nb8
34. Bb3 Bxb3 35. Rxb3 Nc6 36. Nd5 Be5 37. f4 Bg7 38. b7 Rb8 39. Rb5 Kf7 40. Kf1
Nd8 41. Ra5 41... Rxb7 {...} 0-1

[Event "C.to Europeo U10"]
[Site "Praga CZE"]
[Date "2012.08.17"]
[Round "1"]
[White "Semjonovs, Ilja"]
[Black "Sonis, Luca"]
[WhiteElo "1526"]
[BlackElo "1542"]
[Result "1-0"]
[PlyCount "125"]
[EventDate "2012.08.17"]

1. e4 e5 2. Nf3 Nc6 3. Bb5 d6 4. d4 Bd7 5. O-O Nf6 6. Nc3 exd4 7. Nxd4 Nxd4 8.
Bxd7+ Qxd7 9. Qxd4 Be7 10. Re1 O-O 11. Bf4 Nh5 12. Bg3 Qd8 13. e5 dxe5 14. Qxe5
Nxg3 15. Qxe7 Nf5 16. Qe5 Nd6 17. Rad1 Qb8 18. Nb5 Re8 19. Qd5 Rxe1+ 20. Rxe1
Nxb5 21. Qxb5 c6 22. Qd3 Qc7 23. Rd1 g6 24. Qd7 Qxd7 25. Rxd7 Rb8 26. Kf1 Kf8
27. Ke2 Ke8 28. Rc7 h6 29. Kd3 Rd8+ 30. Kc3 Rb8 31. b4 Kf8 32. a4 Kg7 33. a5
Kf6 34. Kb3 Ke6 35. c4 f6 36. c5 a6 37. g4 f5 38. f3 fxg4 39. fxg4 Kf6 40. h4
g5 41. h5 Ke5 42. Rh7 Kf4 43. Rxh6 Kxg4 44. Kc4 Kf5 45. Rg6 g4 46. Rg7 Rh8 47.
Rxb7 Rxh5 48. Rg7 Kf4 49. Rf7+ Kg3 50. Rf6 Kh3 51. Rxc6 Rg5 52. Rh6+ Kg3 53. c6
Rg7 54. Rh1 Kf2 55. Kc5 Rg5+ 56. Kd6 g3 57. c7 Rg7 58. c8=Q Rg6+ 59. Kc7 Rg7+
60. Kb6 Rg6+ 61. Ka7 Rg7+ 62. Kxa6 Rg6+ 63. Kb5 1-0

[Event "C.to Europeo U10"]
[Site "Praga CZE"]
[Date "2012.08.17"]
[Round "1"]
[White "Serpetsidakis, Nikolaos"]
[Black "Simeone, Giulio Maria"]
[WhiteElo "1534"]
[BlackElo "1371"]
[Result "1-0"]
[PlyCount "83"]
[EventDate "2012.08.17"]

1. d4 d5 2. c4 e6 3. Nc3 Nf6 4. Bg5 Bb4 5. e3 h6 6. Bh4 Nbd7 7. Nf3 c6 8. Bd3
Qc7 9. O-O Bxc3 10. bxc3 O-O 11. Qe2 Ne4 12. Bxe4 dxe4 13. Nd2 f5 14. f4 c5 15.
Rac1 b6 16. Nb3 Bb7 17. Rfd1 a5 18. a4 Qc6 19. Qa2 Ba6 20. Nd2 Rac8 21. Be7 Rf7
22. d5 exd5 23. cxd5 Qb7 24. d6 c4 25. Rb1 Rc6 26. h3 Nf6 27. Nf1 Qd7 28. Rd4
Kh8 29. Nd2 Qe6 30. Rd1 Nd5 31. Nxe4 fxe4 32. Rxd5 Qd7 33. R1d4 Rc5 34. Re5
Rxe5 35. fxe5 Bb7 36. Qxc4 Rf5 37. e6 Qe8 38. d7 Qg6 39. d8=Q+ Kh7 40. Bh4 Rf3
41. e7 Rg3 42. Qdg8# 1-0

[Event "C.to Europeo U10"]
[Site "Praga CZE"]
[Date "2012.08.18"]
[Round "2"]
[White "Bango, Lukas"]
[Black "Sonis, Francesco"]
[WhiteElo "1759"]
[BlackElo "1491"]
[Result "1/2-1/2"]
[PlyCount "112"]
[EventDate "2012.08.17"]

1. d4 d5 2. c4 e6 3. Nf3 Nc6 4. e3 Nf6 5. Nc3 Bd7 6. cxd5 exd5 7. h3 Bd6 8. Bd3
Nb4 9. Bb1 c6 10. O-O O-O 11. a3 Na6 12. e4 dxe4 13. Nxe4 Nxe4 14. Bxe4 h6 15.
Bc2 Qf6 16. Qd3 Qg6 17. Qc3 Qf6 18. Ne5 Bf5 19. Bxf5 Qxf5 20. Bd2 c5 21. Nc4
cxd4 22. Qxd4 Bc5 23. Qc3 Rfd8 24. b4 Bd4 25. Qg3 Bxa1 26. Rxa1 Qd3 27. Qxd3
Rxd3 28. Be3 Rad8 29. Bxa7 Rd1+ 30. Rxd1 Rxd1+ 31. Kh2 b5 32. Ne3 Rd3 33. Nc2
Rc3 34. Nd4 Rxa3 35. Nxb5 Rb3 36. Be3 Nxb4 37. Nd4 Rd3 38. Nf5 Nd5 39. Bc5 Kh7
40. g3 g5 41. Kg2 Kg6 42. Ne7+ Nxe7 43. Bxe7 f5 44. Bc5 h5 45. Be3 Kf6 46. Bc1
g4 47. h4 Ke5 48. Bf4+ Ke4 49. Bb8 Rf3 50. Bc7 f4 51. Bxf4 Rxf4 52. gxf4 Kxf4
53. Kh2 Kf3 54. Kg1 g3 55. fxg3 Kxg3 56. Kh1 Kxh4 1/2-1/2

[Event "C.to Europeo U10"]
[Site "Praga CZE"]
[Date "2012.08.18"]
[Round "2"]
[White "Di Benedetto, Edoardo"]
[Black "Globevnik, Gregor"]
[WhiteElo "1886"]
[BlackElo "1650"]
[Result "0-1"]
[PlyCount "50"]
[EventDate "2012.08.17"]

1. c4 Nf6 2. Nc3 c5 3. g3 Nc6 4. Bg2 b6 5. Nf3 Bb7 6. O-O e6 7. d3 Be7 8. Bf4
d5 9. cxd5 exd5 10. d4 c4 11. Ne5 O-O 12. Nxc6 Bxc6 13. Bg5 b5 14. Bxf6 Bxf6
15. e3 b4 16. Ne2 a5 17. Nf4 a4 18. Qf3 Ra5 19. Nh5 a3 20. bxa3 Rxa3 21. Rfb1
Bxd4 22. Qg4 Bxa1 23. Rxa1 g6 24. Nf4 b3 25. axb3 Rxa1+ 0-1

[Event "C.to Europeo U10"]
[Site "Praga CZE"]
[Date "2012.08.19"]
[Round "3"]
[White "Koci, Tomas"]
[Black "Sonis, Luca"]
[WhiteElo "1697"]
[BlackElo "1542"]
[Result "0-1"]
[PlyCount "50"]
[EventDate "2012.08.17"]

1. e4 e5 2. Nf3 Nc6 3. Bc4 Be7 4. O-O Nf6 5. d4 exd4 6. Nxd4 Nxd4 7. Qxd4 d6 8.
Bg5 O-O 9. b4 Be6 10. Nc3 Re8 11. Rfe1 Bxc4 12. Qxc4 Rf8 13. Rad1 Qc8 14. f4 h6
15. Bh4 Qg4 16. Bg3 Nh5 17. Ne2 Nxg3 18. Nxg3 Qxf4 19. Qxc7 Bh4 20. Rf1 Qe3+
21. Kh1 Bxg3 22. Rd3 Qe2 23. Rdf3 Be5 24. Rxf7 Qxf1+ 25. Rxf1 Rxf1# 0-1

[Event "C.to Europeo U10"]
[Site "Praga CZE"]
[Date "2012.08.19"]
[Round "3"]
[White "Sonis, Francesco"]
[Black "Aliyev, Ravan"]
[WhiteElo "1491"]
[BlackElo "1742"]
[Result "0-1"]
[PlyCount "29"]
[EventDate "2012.08.17"]

1. e4 d6 2. d4 g6 3. Nf3 Bg7 4. Bc4 Nf6 5. Nbd2 O-O 6. O-O Nbd7 7. Re1 e5 8.
dxe5 Nxe5 9. Bd3 c6 10. Nc4 Qc7 11. Bg5 Re8 12. Bd2 b5 13. Ba5 Qb8 14. Ncd2
Nxd3 15. cxd3 0-1

[Event "C.to Europeo U10"]
[Site "Praga CZE"]
[Date "2012.08.20"]
[Round "4"]
[White "Di Benedetto, Edoardo"]
[Black "Acar, Utku Cengiz"]
[WhiteElo "1886"]
[BlackElo "1607"]
[Result "0-1"]
[PlyCount "44"]
[EventDate "2012.08.17"]

1. e4 c5 2. Nf3 e6 3. g3 d5 4. exd5 exd5 5. Bg2 Nf6 6. O-O Be7 7. d4 O-O 8.
dxc5 Bxc5 9. Bg5 d4 10. Nbd2 Nc6 11. Ne4 Be7 12. Nxf6+ Bxf6 13. Bxf6 Qxf6 14.
Nd2 Bf5 15. Ne4 Qg6 16. f3 Bxe4 17. fxe4 Rfd8 18. Rf3 Ne7 19. Rf2 Qb6 20. b3 f6
21. Qf3 Nc6 22. Kh1 22... Ne5 {...} 0-1

[Event "C.to Europeo U10"]
[Site "Praga CZE"]
[Date "2012.08.21"]
[Round "5"]
[White "Sonis, Francesco"]
[Black "Kharitonov, Ivan"]
[WhiteElo "1491"]
[BlackElo "1747"]
[Result "0-1"]
[PlyCount "106"]
[EventDate "2012.08.17"]

1. e4 c5 2. Nf3 a6 3. Nc3 e6 4. d3 Nc6 5. Be2 d6 6. Bf4 e5 7. Bg3 Nge7 8. a3 g6
9. Bh4 Bg7 10. Nd5 O-O 11. O-O f6 12. Ne3 g5 13. Bg3 f5 14. exf5 Nxf5 15. Nxf5
Bxf5 16. Qd2 h6 17. Rfe1 Qf6 18. Rab1 d5 19. Qd1 e4 20. dxe4 dxe4 21. Nd2 Nd4
22. Bc4+ Kh8 23. Nxe4 Qg6 24. Bd3 c4 25. Bxc4 Bxe4 26. Bd3 Bxd3 27. cxd3 Rfe8
28. Qa4 Rxe1+ 29. Rxe1 Qxd3 30. Kh1 b5 31. Qa5 Nc2 32. Rg1 Qd8 33. Bc7 Qd4 34.
Rc1 Qxb2 35. Qd2 Nxa3 36. Qxb2 Bxb2 37. Rc6 Bg7 38. f4 Rc8 39. fxg5 hxg5 40. h3
Nc4 41. Kg1 Kh7 42. Kf1 Be5 43. Rc5 Rxc7 44. Rxc7+ Bxc7 45. Ke2 b4 46. Kd3 b3
47. Kc3 b2 48. Kc2 Be5 49. Kb1 Na3+ 50. Ka2 b1=Q+ 51. Kxa3 Qb2+ 52. Ka4 Bc3 53.
g3 Qb4# 0-1

[Event "C.to Europeo U10"]
[Site "Praga CZE"]
[Date "2012.08.21"]
[Round "5"]
[White "Viczencz, Peter"]
[Black "Simeone, Giulio Maria"]
[WhiteElo "1458"]
[BlackElo "1371"]
[Result "1-0"]
[PlyCount "55"]
[EventDate "2012.08.17"]

1. e4 e6 2. d4 d5 3. Nc3 Bb4 4. exd5 Qxd5 5. a3 Bxc3+ 6. bxc3 Nc6 7. Nf3 Nf6 8.
Be2 O-O 9. O-O b6 10. Be3 Bb7 11. c4 Qd6 12. c5 Qd7 13. Rb1 Nd5 14. Qd2 Rfe8
15. Bb5 a6 16. Ne5 Qc8 17. Bxc6 Bxc6 18. Nxc6 Qb7 19. Ne5 f6 20. Nf3 Rf8 21. c4
Ne7 22. Qb4 Nc6 23. Qb3 Na5 24. Qc3 Rab8 25. Rb2 Qa7 26. Rfb1 f5 27. cxb6 cxb6
28. d5 1-0

[Event "C.to Europeo U10"]
[Site "Praga CZE"]
[Date "2012.08.23"]
[Round "7"]
[White "Lagarde, Dimitri"]
[Black "Di Benedetto, Edoardo"]
[WhiteElo "1852"]
[BlackElo "1886"]
[Result "0-1"]
[PlyCount "116"]
[EventDate "2012.08.17"]

1. e4 e6 2. d4 d5 3. Nc3 Nf6 4. Bg5 Be7 5. e5 Nfd7 6. Bxe7 Qxe7 7. f4 a6 8. Nf3
c5 9. Qd2 Nc6 10. dxc5 Qxc5 11. O-O-O b5 12. Bd3 Nb6 13. b3 Rb8 14. Kb1 Nc4 15.
Bxc4 bxc4 16. Nd4 cxb3 17. cxb3 Nxd4 18. Qxd4 Qxd4 19. Rxd4 Bd7 20. Rd2 Rc8 21.
Ne2 O-O 22. Rc1 Rxc1+ 23. Kxc1 Rc8+ 24. Kb2 f6 25. Rc2 Rxc2+ 26. Kxc2 fxe5 27.
fxe5 Kf7 28. Nd4 Ke7 29. b4 Kd8 30. Kb3 Kc7 31. a4 Kb6 32. a5+ Kc7 33. Kc3 h6
34. h4 Kd8 35. Nb3 Kc7 36. Kd4 Kc6 37. Kc3 Kc7 38. Nd4 Kb7 39. Kd3 Kc7 40. Ke3
g6 41. Kd3 Kb7 42. Ne2 Bb5+ 43. Kd2 Bxe2 44. Kxe2 Kc6 45. Kd3 Kb5 46. Kc3 Ka4
47. Kd4 Kxb4 48. g4 g5 49. h5 Kb5 50. Kc3 Kxa5 51. Kb3 Kb5 52. Kc3 a5 53. Kb3
d4 54. Kc2 Kc4 55. Kd2 d3 56. Kd1 Kc3 57. Kc1 d2+ 58. Kd1 a4 0-1

[Event "C.to Europeo U10"]
[Site "Praga CZE"]
[Date "2012.08.23"]
[Round "7"]
[White "Simeone, Giulio Maria"]
[Black "Koci, Tomas"]
[WhiteElo "1371"]
[BlackElo "1697"]
[Result "0-1"]
[PlyCount "50"]
[EventDate "2012.08.17"]

1. d4 d5 2. c4 e6 3. Nc3 Nf6 4. Nf3 Bb4 5. a3 Ba5 6. b4 Bb6 7. c5 Bxc5 8. bxc5
c6 9. Bf4 Qa5 10. Bd2 Nbd7 11. Nxd5 Qd8 12. Nc3 O-O 13. e4 b5 14. Bd3 a5 15.
O-O Rb8 16. Rb1 Nxc5 17. Bxb5 cxb5 18. dxc5 b4 19. Be3 Ba6 20. Nd4 bxc3 21. c6
Rxb1 22. Qxb1 Bxf1 23. Kxf1 e5 24. Nb5 Nxe4 25. Qxe4 Qd1# 0-1

[Event "C.to Europeo U10"]
[Site "Praga CZE"]
[Date "2012.08.24"]
[Round "8"]
[White "Anikieiev, Artem"]
[Black "Sonis, Francesco"]
[WhiteElo "1724"]
[BlackElo "1491"]
[Result "1-0"]
[PlyCount "49"]
[EventDate "2012.08.17"]

1. e4 c5 2. Nc3 d6 3. f4 Nf6 4. Nf3 g6 5. Bb5+ Bd7 6. Bc4 Bg7 7. O-O O-O 8. d3
Nc6 9. Qe1 a6 10. a4 e6 11. Qh4 h5 12. f5 exf5 13. Bg5 Be6 14. exf5 Bxc4 15.
dxc4 Ne5 16. Nxe5 dxe5 17. Nd5 Qd6 18. Nxf6+ Bxf6 19. Bxf6 e4 20. Rad1 Qb6 21.
Qg5 e3 22. fxg6 e2 23. gxf7+ Kxf7 24. Qg7+ Ke6 25. Qe7# 1-0

[Event "C.to Europeo U10"]
[Site "Praga CZE"]
[Date "2012.08.24"]
[Round "8"]
[White "Di Benedetto, Edoardo"]
[Black "Zarubitski, Viachaslau"]
[WhiteElo "1886"]
[BlackElo "1741"]
[Result "1-0"]
[PlyCount "30"]
[EventDate "2012.08.17"]

1. e4 Nf6 2. e5 Nd5 3. d4 d6 4. exd6 exd6 5. c4 Nf6 6. Be2 Be7 7. Nf3 O-O 8.
O-O Bf5 9. Nc3 Nbd7 10. Bf4 Re8 11. Re1 Nf8 12. d5 a5 13. Nd4 Bg6 14. Nf3 N8d7
15. a3 15... Nc5 {...} 1-0

[Event "C.to Europeo U10 femminile"]
[Site "Praga CZE"]
[Date "2012.08.17"]
[Round "1"]
[White "Miklasova, Emma"]
[Black "Palma, Maria"]
[WhiteElo "1569"]
[BlackElo "1600"]
[Result "1-0"]
[PlyCount "133"]
[EventDate "2012.08.17"]

1. e4 e5 2. Nf3 Nc6 3. d4 exd4 4. Nxd4 Nf6 5. Nxc6 bxc6 6. e5 Qe7 7. Qe2 Nd5 8.
c4 Ba6 9. b3 g6 10. Ba3 Qe6 11. Bxf8 Rxf8 12. Nd2 Qe7 13. Qe4 Nb6 14. Bd3 O-O-O
15. O-O Qb4 16. Rfd1 Rde8 17. Nf3 f6 18. c5 Qxe4 19. Bxe4 Na8 20. Re1 fxe5 21.
Bc2 d6 22. cxd6 cxd6 23. Rad1 Kc7 24. Be4 d5 25. Bxd5 cxd5 26. Rxd5 e4 27. Ng5
Bb7 28. Rd4 h6 29. Nxe4 Bxe4 30. Rexe4 Rxe4 31. Rxe4 Rd8 32. f4 Kd6 33. Ra4 Rd7
34. Ra6+ Nb6 35. a4 Ke7 36. a5 Nd5 37. Rxg6 Nxf4 38. Rxh6 Rd1+ 39. Kf2 Rd2+ 40.
Ke3 Rxg2 41. Kxf4 Rb2 42. Rh7+ Kf6 43. Rxa7 Rxb3 44. Ra6+ Kg7 45. Rb6 Ra3 46.
a6 Ra2 47. Rb7+ Kg6 48. a7 Kf6 49. h4 Ra4+ 50. Ke3 Kg6 51. Kd3 Kh5 52. Kc3 Kxh4
53. Rb4+ Rxb4 54. Kxb4 Kg4 55. a8=Q Kf4 56. Qd5 Ke3 57. Qc4 Kf3 58. Qd4 Kg3 59.
Qe4 Kf2 60. Qd3 Kg2 61. Qe3 Kh2 62. Qg5 Kh1 63. Kc3 Kh2 64. Kd3 Kh3 65. Ke3 Kh2
66. Kf2 Kh3 67. Qg3# 1-0

[Event "C.to Europeo U10 femminile"]
[Site "Praga CZE"]
[Date "2012.08.17"]
[Round "1"]
[White "Urh, Zala"]
[Black "Santeramo, Claudia"]
[WhiteElo "1472"]
[BlackElo "1608"]
[Result "1-0"]
[PlyCount "95"]
[EventDate "2012.08.17"]

1. e4 e5 2. Nf3 Nc6 3. d4 d6 4. dxe5 dxe5 5. Qxd8+ Kxd8 6. Nc3 Nf6 7. Bb5 Nd7
8. Ng5 Ke8 9. Bc4 Nd4 10. Bxf7+ Ke7 11. Nd5+ Kd6 12. Kd2 Be7 13. Nxe7 Kxe7 14.
Bb3 Nxb3+ 15. axb3 h6 16. Nf3 Rf8 17. Ke2 Nc5 18. Nxe5 Ke6 19. Nc4 Nxe4 20. f3
Nd6 21. Re1 Kf7 22. Nxd6+ cxd6 23. Bf4 Bf5 24. c3 d5 25. Kf2 a6 26. b4 Rfd8 27.
Be3 g5 28. Bc5 Re8 29. Rad1 Rad8 30. Bb6 Rd6 31. Rxe8 Kxe8 32. Re1+ Kd7 33. Bc5
Re6 34. Rxe6 Bxe6 35. Ke3 Kc6 36. Kd4 g4 37. Ke5 Bd7 38. f4 b6 39. Be7 Be8 40.
f5 Kd7 41. Bf8 h5 42. Kxd5 Bf7+ 43. Ke5 h4 44. f6 Ke8 45. Be7 Bh5 46. Kf4 Kf7
47. Kg5 Bg6 48. Kxg4 1-0

[Event "C.to Europeo U10 femminile"]
[Site "Praga CZE"]
[Date "2012.08.21"]
[Round "5"]
[White "Palma, Maria"]
[Black "Morvay, Eszter"]
[WhiteElo "1600"]
[BlackElo "1572"]
[Result "0-1"]
[PlyCount "58"]
[EventDate "2012.08.17"]

1. e4 c5 2. Nf3 Nc6 3. d4 cxd4 4. Nxd4 Nf6 5. Nc3 e5 6. Ndb5 d6 7. Bg5 a6 8.
Na3 b5 9. Nd5 Qa5+ 10. Bd2 Qd8 11. Bd3 Be6 12. Nxf6+ Qxf6 13. c3 Qd8 14. Qf3
Be7 15. Nc2 O-O 16. Be3 Kh8 17. O-O Qd7 18. h3 g6 19. Bh6 Rg8 20. Be3 f5 21.
exf5 gxf5 22. Kh2 e4 23. Bxe4 fxe4 24. Qxe4 Bf6 25. Qf3 Raf8 26. Qh5 Be5+ 27.
Kh1 Bd5 28. Rg1 Rf5 29. Qh6 Rf3 0-1

[Event "C.to Europeo U10 femminile"]
[Site "Praga CZE"]
[Date "2012.08.24"]
[Round "8"]
[White "Lopez Garcia, Maria Pilar"]
[Black "Palma, Maria"]
[WhiteElo "1313"]
[BlackElo "1600"]
[Result "1/2-1/2"]
[PlyCount "81"]
[EventDate "2012.08.17"]

1. e4 e5 2. Nf3 Nc6 3. d4 exd4 4. Nxd4 Nf6 5. Nxc6 bxc6 6. Bd3 Bc5 7. O-O O-O
8. Bg5 Qe7 9. Nc3 Qe5 10. Bxf6 Qxf6 11. Qh5 Bd4 12. e5 Qh6 13. Qxh6 gxh6 14.
Rfe1 Re8 15. Re4 Bxc3 16. bxc3 a5 17. Rae1 Ba6 18. Bxa6 Rxa6 19. R4e3 Rb6 20.
Rd1 Rd8 21. Rc1 Rb2 22. a3 Ra2 23. c4 Re8 24. h3 d6 25. exd6 Rxe3 26. fxe3 cxd6
27. Rd1 Rxc2 28. Rxd6 Rxc4 29. Rxh6 Rc3 30. a4 Rxe3 31. Rxc6 Re4 32. Rc8+ Kg7
33. Ra8 Rxa4 34. Kh2 Ra1 35. Ra6 a4 36. Kg3 a3 37. Kg4 a2 38. Kg5 h6+ 39. Kh5
Rf1 40. Rxa2 Rf5+ 41. Kg4 1/2-1/2

[Event "C.to Europeo U10 femminile"]
[Site "Praga CZE"]
[Date "2012.08.25"]
[Round "9"]
[White "Palma, Maria"]
[Black "Godart, Clara"]
[WhiteElo "1600"]
[BlackElo "1269"]
[Result "1-0"]
[PlyCount "120"]
[EventDate "2012.08.17"]

1. e4 d5 2. exd5 Qxd5 3. Nc3 Qd6 4. Nf3 c6 5. d4 Nf6 6. Bc4 Bf5 7. Ne5 e6 8.
O-O Be7 9. Bf4 Qd8 10. Qd2 Nbd7 11. Rad1 O-O 12. Bd3 Bxd3 13. Qxd3 Rc8 14. Ne4
Nxe4 15. Qxe4 Nf6 16. Qf3 Qd5 17. Qxd5 Nxd5 18. Bg3 b5 19. Rc1 c5 20. dxc5 Bxc5
21. c4 bxc4 22. Rxc4 Rfd8 23. Rfc1 Nb6 24. R4c2 f6 25. Nf3 a6 26. h3 Be7 27.
Rxc8 Rxc8 28. Rxc8+ Nxc8 29. Nd4 e5 30. Nc6 Bd6 31. f3 Kf7 32. Be1 Ke6 33. Kf2
Kd5 34. Nb4+ Bxb4 35. Bxb4 Kc4 36. Bf8 g6 37. Bg7 f5 38. Bxe5 Kd5 39. Bc3 Nb6
40. Ke3 Kc4 41. Kd2 Nd5 42. g3 Nb6 43. b3+ Kd5 44. Kd3 Nd7 45. b4 Nb6 46. Bd4
Kc6 47. Bxb6 Kxb6 48. Kc4 g5 49. a4 h5 50. b5 a5 51. Kd5 f4 52. gxf4 gxf4 53.
h4 Kb7 54. Kc5 Kc7 55. b6+ Kb7 56. Kb5 Kb8 57. Kxa5 Kb7 58. Kb5 Kb8 59. a5 Ka8
60. a6 Kb8 1-0

[Event "C.to Europeo U12"]
[Site "Praga CZE"]
[Date "2012.08.17"]
[Round "1"]
[White "De Ridder, Thibaut"]
[Black "Lodici, Lorenzo"]
[WhiteElo "1538"]
[BlackElo "1878"]
[Result "0-1"]
[PlyCount "25"]
[EventDate "2012.08.17"]

1. e4 c5 2. Nf3 d6 3. d4 cxd4 4. Nxd4 Nf6 5. Nc3 a6 6. Be3 e5 7. Nb3 Be6 8. f3
b5 9. Be2 Nbd7 10. Qd2 Nb6 11. a3 Be7 12. f4 Bc4 13. Qc1 {...} 0-1

[Event "C.to Europeo U12"]
[Site "Praga CZE"]
[Date "2012.08.19"]
[Round "3"]
[White "Gazik, Viktor"]
[Black "Lodici, Lorenzo"]
[WhiteElo "2073"]
[BlackElo "1878"]
[Result "1-0"]
[PlyCount "125"]
[EventDate "2012.08.17"]

1. e4 c5 2. Nc3 a6 3. f4 b5 4. d3 Bb7 5. Nf3 e6 6. g3 d5 7. Qe2 Be7 8. Bg2 Nf6
9. e5 Nfd7 10. O-O g6 11. Nd1 c4 12. b3 cxd3 13. cxd3 Nc6 14. Nf2 h5 15. Bb2
Qb6 16. h3 a5 17. Rfc1 Bc5 18. d4 Be7 19. Qe3 O-O-O 20. h4 Kb8 21. a3 Rc8 22.
Nd3 Ba6 23. Nc5 Nxc5 24. dxc5 Qa7 25. Rc2 Rc7 26. Rac1 Rhc8 27. Nd4 Nxd4 28.
Bxd4 Qb7 29. b4 a4 30. Kf2 Qc6 31. Ke2 Bb7 32. Kd2 Qd7 33. Kc3 Bc6 34. Kb2 Rf8
35. Re2 Rcc8 36. Bf3 Rg8 37. Rh1 Rh8 38. Reh2 Rcg8 39. g4 hxg4 40. Bxg4 Qd8 41.
Qf2 Rh7 42. h5 gxh5 43. Bxh5 Qc8 44. Bf3 Rxh2 45. Qxh2 Qf8 46. f5 exf5 47. Qf4
Kc8 48. Qxf5+ Bd7 49. Qd3 Bc6 50. Rh7 Rh8 51. Qf5+ Bd7 52. Qxd7+ Kxd7 53. Rxh8
Qxh8 54. e6+ Kxe6 55. Bxh8 f6 56. Kc3 Ke5 57. Be2 d4+ 58. Kd2 Kf5 59. Bxb5 Kg6
60. c6 Bd6 61. Bxa4 Be5 62. Bb3 Kh7 63. Bxf6 1-0

[Event "C.to Europeo U12"]
[Site "Praga CZE"]
[Date "2012.08.20"]
[Round "4"]
[White "Lodici, Lorenzo"]
[Black "Ozcan, Bora"]
[WhiteElo "1878"]
[BlackElo "1681"]
[Result "1-0"]
[PlyCount "145"]
[EventDate "2012.08.17"]

1. Nf3 Nf6 2. c4 e6 3. Nc3 c5 4. e3 b6 5. b3 Bb7 6. Bb2 Be7 7. g3 O-O 8. Bg2 d6
9. O-O a6 10. Qe2 Nbd7 11. Rfd1 Qc7 12. Rac1 Rac8 13. d4 Qb8 14. Nh4 Rfd8 15.
e4 cxd4 16. Rxd4 Bc6 17. b4 Ne8 18. Nf3 Nc7 19. Rd2 Nf8 20. Nd4 Bb7 21. b5 Ng6
22. f4 Bf6 23. Qg4 a5 24. h4 Ne8 25. Nce2 Qa8 26. h5 Nf8 27. h6 g6 28. Qf3 Bh8
29. Qd3 Nd7 30. Nb3 Ndf6 31. Nc3 a4 32. Nd4 Nd7 33. Qe2 Nc5 34. g4 Nf6 35. Re1
Ne8 36. f5 e5 37. Nf3 Bf6 38. Nd5 Bxd5 39. cxd5 Be7 40. g5 Nc7 41. f6 Bf8 42.
Bc3 Ne8 43. Rc1 Qa7 44. Ne1 a3 45. Bb4 Qa4 46. Rb1 Nc7 47. Bf1 Nxb5 48. Qxb5
Qxb5 49. Bxb5 Nxe4 50. Rg2 Nxg5 51. Rxg5 Bxh6 52. Rg3 Bf4 53. Rxa3 h5 54. Bc6
h4 55. Ng2 g5 56. Be1 Kh7 57. Rxb6 Kg6 58. Rb7 Kxf6 59. Raa7 Rf8 60. Nxf4 exf4
61. Rd7 Rb8 62. Rab7 Rxb7 63. Rxb7 Kf5 64. a4 Kg4 65. a5 Kf3 66. a6 h3 67. a7
g4 68. Rb8 g3 69. Bxg3 fxg3 70. Rxf8 h2+ 71. Kh1 Kg4 72. a8=Q Kh3 73. Rh8+ 1-0

[Event "C.to Europeo U12"]
[Site "Praga CZE"]
[Date "2012.08.21"]
[Round "5"]
[White "Grigorjev, Iljya"]
[Black "Lodici, Lorenzo"]
[WhiteElo "1980"]
[BlackElo "1878"]
[Result "1/2-1/2"]
[PlyCount "111"]
[EventDate "2012.08.17"]

1. e4 c5 2. Nf3 Nc6 3. d4 cxd4 4. Nxd4 e5 5. Nb5 a6 6. Nd6+ Bxd6 7. Qxd6 Qf6 8.
Qxf6 Nxf6 9. Nc3 Nb4 10. Kd2 d6 11. a3 Nc6 12. Bd3 Be6 13. f3 Ne7 14. Re1 O-O
15. Ke2 d5 16. Kf2 d4 17. Ne2 Rac8 18. f4 Ng4+ 19. Kg3 exf4+ 20. Bxf4 Nc6 21.
h3 Nge5 22. Rad1 f6 23. Kh2 Rfd8 24. Bg3 Na5 25. Nf4 Bf7 26. Rc1 b5 27. a4 Nxd3
28. Nxd3 bxa4 29. e5 fxe5 30. Nxe5 Bd5 31. Red1 Be4 32. Be1 Bxc2 33. Rd2 Re8
34. Rdxc2 Rxc2 35. Rxc2 Rxe5 36. Rc8+ Kf7 37. Bxa5 Rxa5 38. Rd8 a3 39. bxa3
Rxa3 40. Rxd4 a5 41. Rd7+ Kg6 42. Rd6+ Kh5 43. Rd7 Kh6 44. Ra7 g6 45. Kh1 Ra1+
46. Kh2 a4 47. Kg3 Kg5 48. Kh2 h5 49. Ra5+ Kf4 50. Ra8 a3 51. Ra4+ Ke3 52. Ra6
g5 53. Ra5 h4 54. Rxg5 Rb1 55. Ra5 Rb3 56. Ra4 1/2-1/2

[Event "C.to Europeo U12"]
[Site "Praga CZE"]
[Date "2012.08.22"]
[Round "6"]
[White "Lodici, Lorenzo"]
[Black "Yurovskich, Oleksandr"]
[WhiteElo "1878"]
[BlackElo "2012"]
[Result "0-1"]
[PlyCount "94"]
[EventDate "2012.08.17"]

1. Nf3 d5 2. c4 d4 3. e3 Nc6 4. b4 Nxb4 5. Nxd4 e5 6. a3 Na6 7. Nb3 e4 8. Nc3
f5 9. Bb2 Nf6 10. Qc2 Nc5 11. Nxc5 Bxc5 12. Be2 O-O 13. g4 Nxg4 14. Bxg4 fxg4
15. Nxe4 Bf5 16. Qc3 Bd4 17. Qxd4 Qxd4 18. Bxd4 Bxe4 19. Rg1 Bf3 20. Be5 Rfe8
21. d4 Rad8 22. c5 Rxe5 23. dxe5 Kf7 24. Rg3 Ke6 25. h3 h5 26. hxg4 hxg4 27.
Rb1 b6 28. cxb6 cxb6 29. Rc1 Rd7 30. Rxf3 gxf3 31. Rc4 g5 32. Rg4 Kf5 33. e6
Re7 34. Rg1 Rxe6 35. Kd2 g4 36. Kd3 Rh6 37. Kd4 Rh2 38. Rf1 a6 39. a4 b5 40.
axb5 axb5 41. Kd3 b4 42. Kd4 b3 43. Kc3 Ke4 44. Kxb3 Rxf2 45. Rxf2 g3 46. Rf1
f2 47. Kc2 Kxe3 0-1

[Event "C.to Europeo U12"]
[Site "Praga CZE"]
[Date "2012.08.23"]
[Round "7"]
[White "Bashirli, Nail"]
[Black "Lodici, Lorenzo"]
[WhiteElo "1769"]
[BlackElo "1878"]
[Result "1-0"]
[PlyCount "45"]
[EventDate "2012.08.17"]

1. e4 c5 2. Nf3 d6 3. d4 cxd4 4. Nxd4 Nf6 5. Nc3 a6 6. Bc4 e6 7. Bb3 b5 8. O-O
Be7 9. Qf3 Qc7 10. Qg3 O-O 11. Bh6 Ne8 12. Rad1 Kh8 13. Bg5 h6 14. Bxe7 Qxe7
15. Rd2 Bb7 16. a3 Nd7 17. Rfd1 Nc5 18. e5 d5 19. f4 g6 20. Qe3 Kh7 21. f5 exf5
22. Bxd5 Bxd5 23. Nxd5 {...} 1-0